|
|
|
|
| LEADER |
02087nam a22003733i 4500 |
| 001 |
EBC5975129 |
| 003 |
MiAaPQ |
| 005 |
20240729202202.0 |
| 006 |
m o d | |
| 007 |
cr cnu|||||||| |
| 008 |
240729s2019 xx o ||||0 eng d |
| 020 |
|
|
|a 9789179299682
|q (electronic bk.)
|
| 035 |
|
|
|a (MiAaPQ)EBC5975129
|
| 035 |
|
|
|a (Au-PeEL)EBL5975129
|
| 035 |
|
|
|a (OCoLC)1127951858
|
| 040 |
|
|
|a MiAaPQ
|b eng
|e rda
|e pn
|c MiAaPQ
|d MiAaPQ
|
| 100 |
1 |
|
|a Malmborg, Agota.
|
| 245 |
1 |
0 |
|a Happy with the Method? :
|b Sexual Function Changes in Young Women Using Contraception.
|
| 250 |
|
|
|a 1st ed.
|
| 264 |
|
1 |
|a Linköping :
|b Linkopings Universitet,
|c 2019.
|
| 264 |
|
4 |
|c {copy}2019.
|
| 300 |
|
|
|a 1 online resource (85 pages)
|
| 336 |
|
|
|a text
|b txt
|2 rdacontent
|
| 337 |
|
|
|a computer
|b c
|2 rdamedia
|
| 338 |
|
|
|a online resource
|b cr
|2 rdacarrier
|
| 490 |
1 |
|
|a Linköping University Medical Dissertations Series ;
|v v.1713
|
| 505 |
0 |
|
|a Intro -- Dedication -- Acknowledgements -- Table of Contents -- List of scientific papers -- Swedish summary (Populärvetenskaplig sammanfattning) -- Abstract -- Abbreviations -- Preface -- Background -- Hypotheses -- Aims of this thesis -- Material and methods -- Ethical considerations -- Results and discussion -- Methodological considerations and limitations -- Specific conclusions -- Considerations for future research -- Concluding remarks and clinical implications -- References -- Appendix -- Papers I-IV -- Papers.
|
| 588 |
|
|
|a Description based on publisher supplied metadata and other sources.
|
| 590 |
|
|
|a Electronic reproduction. Ann Arbor, Michigan : ProQuest Ebook Central, 2024. Available via World Wide Web. Access may be limited to ProQuest Ebook Central affiliated libraries.
|
| 655 |
|
4 |
|a Electronic books.
|
| 776 |
0 |
8 |
|i Print version:
|a Malmborg, Agota
|t Happy with the Method?
|d Linköping : Linkopings Universitet,c2019
|
| 797 |
2 |
|
|a ProQuest (Firm)
|
| 830 |
|
0 |
|a Linköping University Medical Dissertations Series
|
| 856 |
4 |
0 |
|u https://ebookcentral.proquest.com/lib/matrademy/detail.action?docID=5975129
|z Click to View
|